Najpotężniejsze państwa świata - Statystyki

Ogólne statystyki
  • Ten quiz został rozwiązany 1 297 razy
  • Średni wynik to 11 z 15
Statystyki odpowiedzi
Odpowiedź % Poprawnych
2 ROSJA
98%
3 CHINY
97%
1 USA
97%
6 FRANCJA
89%
4 NIEMCY
87%
5 WIELKA BRYTANIA
81%
13 KANADA
79%
7 JAPONIA
77%
15 POLSKA
74%
9 KOREA POŁUDNIOWA
66%
12 MEKSYK
65%
11 KOREA PÓŁNOCNA
56%
10 ARABIA SAUDYJSKA
45%
14 SZWECJA
42%
8 IZRAEL
33%
Nie znaleziono quizów pasujących do podanych kryteriów
Rozkład punktacji
Procent ludzi z każdym wynikiem
Percentyl według liczby udzielonych odpowiedzi
Twoja historia wyników
Nie rozwiązałeś tego quizu